Conversaciones sobre la ciudad del tercer mundo (Registro nro. 12389)

Detalles MARC
000 -LEADER
longitud fija campo de control 04383nam a22007937a 4500
003 - IDENTIFICADOR DE NUMERO DE CONTROL
control del campo AR-RoUNA
005 - FECHA DE LA ULTIMA MODIFICACION
control del campo 20260416115356.0
008 - CAMPO DE CONTROL - LIBROS
longitud fija campo de control 260416b |||||||| |||| 00| 0 spa d
020 ## - INTERNATIONAL STANDARD BOOK NUMBER
ISBN 950-694-051-7
040 ## - ORIGEN DE LA CATALOGACION
Agencia que cataloga la obra original AR-RoUNA
Idioma en que se cataloga spa
Entidad que modifico el registro AR-RoUNA
041 ## - CODIGO DE IDIOMA
Codigo de idioma del texto / sonido o titulo separado spa
044 ## - CODIGO DE PAIS / ENTIDAD PRODUCTORA
Codigo MARC del pais ag
245 10 - TITULO PROPIAMENTE DICHO
Titulo Conversaciones sobre la ciudad del tercer mundo
Mencion de responsabilidad, etc / Rosario Aguirre, Jacques Bugnicourt, Diego Carrión, Nora Clichevsky, Jean-Jacques Guibbert, Jorge E. Hardoy, Hilda Herzer, Pedro Jacobi, Elong Mbassi, Pedro Pírez, Alfredo Rodriguez, Abelardo Sánchez-León y Landing Sane
250 ## - MENCION DE EDICION
Edicion declarada 1a. ed.
260 ## - EDITORIAL - PUBLICACION, DISTRIBUCION, ETC. (Pie de imprenta)
Lugar de publicacion, distribucion, etc Buenos Aires, Argentina:
Nombre del editor, distribuidor, etc Grupo Editor Latinoamericano SRL,
Fecha de publicacion 1989
300 ## - DESCRIPCION FISICA
Extension 140 p.:
Dimensiones 20x13 cm.
490 ## - MENCION DE SERIE
Titulo de la serie Estudios Políticos y Sociales
501 ## - NOTA DE CONTENIDO
Nota de contenido El Instituto Internacional de Medio Ambiente y Desarrollo -IIED- América Latina elaboró los materiales que se presentan en este libro, dividido en tres partes y una conclusión. La primera parte es una introducción que busca explicitar la problemática de la ciudad desde un punto de vista global, con el objeto de mostrar el significado y las consecuencias de los procesos de exclusión y segregación social que es necesario comprender, enfrentar y tratar de solucionar. La segunda parte es una reflexión acerca de la construcción de la ciudad y los actores sociales en ella involucrados. En la tercera se analiza el papel del Estado, los procesos de descentralización y el rol que juega el gobierno de la ciudad. Por último las notas finales intentan exponer cuáles son los caminos posibles para repensar la ciudad y guiar el futuro quehacer de los investigadores, los organizadores y los políticos en esta ardua materia.
504 ## - NOTA DE BIBLIOGRAFIA
Nota de bibliografia, etc. p. 79
505 0# - NOTA DE CONTENIDO CON FORMATO
Título INDICE
505 0# - NOTA DE CONTENIDO CON FORMATO
Título PREFACIO
505 0# - NOTA DE CONTENIDO CON FORMATO
Título INTRODUCCION
505 0# - NOTA DE CONTENIDO CON FORMATO
Título principal La ciudad una y múltiple. p. 23
505 0# - NOTA DE CONTENIDO CON FORMATO
Título principal Pobreza y violencia en la ciudad. p. 30
505 0# - NOTA DE CONTENIDO CON FORMATO
Título principal La ciudad y los niños. p. 32
505 0# - NOTA DE CONTENIDO CON FORMATO
Título LOS ACTORES SOCIALES Y LA CONSTRUCCION DE LA CIUDAD
505 0# - NOTA DE CONTENIDO CON FORMATO
Título principal El proceso de construcción a través del mercado"legal" y del mercado "ilegal". p. 44
505 0# - NOTA DE CONTENIDO CON FORMATO
Título principal El rol del estado como regulador de la actividad privada. p. 51
505 0# - NOTA DE CONTENIDO CON FORMATO
Título principal El Estado como constructor de la ciudad. p. 51
505 0# - NOTA DE CONTENIDO CON FORMATO
Título principal El Estado como subsidiador de sectores sociales. p. 53
505 0# - NOTA DE CONTENIDO CON FORMATO
Título principal La producción y ocupación del suelo urbano. p. 56
505 0# - NOTA DE CONTENIDO CON FORMATO
Título principal La construcción de los establecimientos industriales, comerciales y financieros. p. 64
505 0# - NOTA DE CONTENIDO CON FORMATO
Título principal La construcción de la vivienda. p. 75
505 0# - NOTA DE CONTENIDO CON FORMATO
Título principal El papel de la tecnología en la construcción de la ciudad. p. 75
505 0# - NOTA DE CONTENIDO CON FORMATO
Título principal El financiamiento de la ciudad. p. 77
505 0# - NOTA DE CONTENIDO CON FORMATO
Título EL PODER LOCAL Y EL GOBIERNO DE LA CIUDAD
505 0# - NOTA DE CONTENIDO CON FORMATO
Título principal La vida política local y la construcción del a ciudad. p. 83
505 0# - NOTA DE CONTENIDO CON FORMATO
Título principal La lucha de los sectores populares por el espacio de la ciudad. p. 86
505 0# - NOTA DE CONTENIDO CON FORMATO
Título principal Formas de organización solidaria. p. 89
505 0# - NOTA DE CONTENIDO CON FORMATO
Título principal La cultura popular urbana. p. 92
505 0# - NOTA DE CONTENIDO CON FORMATO
Título principal Economía popular. p. 95
505 0# - NOTA DE CONTENIDO CON FORMATO
Título principal Los sectores populares y el gobierno local. p. 103
505 0# - NOTA DE CONTENIDO CON FORMATO
Título principal El clientelismo. ¿parte del problema o de la solución?. p. 104
505 0# - NOTA DE CONTENIDO CON FORMATO
Título principal La participación popular en el gobierno local. p. 109
505 0# - NOTA DE CONTENIDO CON FORMATO
Título principal REFLEXIONES FINALESLa participación popular y la construcción de la ciudad. p. 116
505 0# - NOTA DE CONTENIDO CON FORMATO
Título principal Crisis de Estado, la descentralización y lo local, la privatización y la exclusión. p. 119
505 0# - NOTA DE CONTENIDO CON FORMATO
Título REFLEXIONES FINALES
505 0# - NOTA DE CONTENIDO CON FORMATO
Título principal Anexos. p. 135
650 #4 - MATERIA - TERMINO TEMATICO
Término temático general Urbanismo
650 #4 - MATERIA - TERMINO TEMATICO
Término temático general Ciudad
650 #4 - MATERIA - TERMINO TEMATICO
Término temático general Tercer mundo
700 ## - ENTRADA SECUNDARIA - NOMBRES PERSONALES
Nombre personal Aguirre, Rosario
9 (RLIN) 27683
700 ## - ENTRADA SECUNDARIA - NOMBRES PERSONALES
Nombre personal Bugnicourt, Jacques
9 (RLIN) 27684
700 1# - ENTRADA SECUNDARIA - NOMBRES PERSONALES
Nombre personal Carrión, Diego
9 (RLIN) 27685
700 ## - ENTRADA SECUNDARIA - NOMBRES PERSONALES
9 (RLIN) 5417
Nombre personal Clichevsky, Nora
700 ## - ENTRADA SECUNDARIA - NOMBRES PERSONALES
Nombre personal Guibbert, Jean-Jacques
9 (RLIN) 27686
700 ## - ENTRADA SECUNDARIA - NOMBRES PERSONALES
9 (RLIN) 14107
Nombre personal Hardoy, Jorge Enrique,
Fechas asociadas con el nombre 1926-1993
700 ## - ENTRADA SECUNDARIA - NOMBRES PERSONALES
9 (RLIN) 5434
Nombre personal Herzer, Hilda Maria
700 ## - ENTRADA SECUNDARIA - NOMBRES PERSONALES
Nombre personal Jacobi, Pedro
9 (RLIN) 27687
700 ## - ENTRADA SECUNDARIA - NOMBRES PERSONALES
Nombre personal Mbassi, Elong
9 (RLIN) 27688
700 ## - ENTRADA SECUNDARIA - NOMBRES PERSONALES
Nombre personal Pirez, Pedro.
9 (RLIN) 13879
700 ## - ENTRADA SECUNDARIA - NOMBRES PERSONALES
Nombre personal Rodríguez, Alfredo
9 (RLIN) 27689
700 ## - ENTRADA SECUNDARIA - NOMBRES PERSONALES
Nombre personal Sánchez-León, Abelardo
9 (RLIN) 27690
700 ## - ENTRADA SECUNDARIA - NOMBRES PERSONALES
Nombre personal Sane, Landing
9 (RLIN) 27691
908 ## - SOPORTE
Soporte Imp
942 ## - FUENTE DE CLASIFICACION
Clasificacion Universal Decimal Classification
Tipo de item Libro
945 ## - INFORMACION DE PROCESAMIENTO
Fecha de ingreso o modificacion 2026-04-16
980 ## - DECLARACIÓN DE EQUIVALENCIA O SERIE DE REFERENCIA CRUZADA - NOMBRE / TÍTULO PERSONAL [LOCAL, CANADÁ]
Código del operador 5
Nombre del operador María Machado
Código del operador que modifico el registro 5
Nombre del operador que modifico el registro María Machado
Existencias
Estado retiro Estado perdido Sistema de clasificacion Estado general Biblioteca de origen Ubicacion actual Fecha de adquisicion Prestamos totales Proveedor Numero de ejemplar Tipo de elemento KOHA Nota no publica
Disponible Disponible udc No dañado Biblioteca CURDIUR Biblioteca CURDIUR 16/04/2026   LCUR-0365 ej. 1 Libro